000
00290nam a22001337a 4500
008
180926b xxu||||| |||| 00| 0 eng d
020
_a
9780740768576
041
_a
eng
080
_2
5th
_a
616.8-006
100
_a
6
101
_a
KAN
245
_a
Cancer Therapy
_c
Ko,A.H
942
_2
udc
_c
BK
999
_c
48479
_d
48479